[Event "23rd OIBM 2019"]
[Site "Gmund am Tegernsee"]
[Date "2019.10.27"]
[Round "2.35"]
[White "Kraich, Klaus"]
[Black "Gschnitzer, Adrian"]
[Result "0-1"]
[WhiteElo "2183"]
[BlackElo "2412"]
[Annotator "NA"]
[PlyCount "58"]
[EventDate "2019.10.17"]
[EventType "swiss"]
[EventCountry "GER"]
[SourceTitle "playchess.com"]
[Source "ChessBase"]
[SourceQuality "1"]
[TimeControl "40/5400+30:1800+30"]

1. d4 {[%emt 0:00:00]} Nf6 {[%emt 0:00:00]} 2. Nf3 {[%emt 0:00:00]} c5 {[%emt 0:00:33]} 3. e3 {[%emt 0:00:19]} d5 {[%emt 0:00:20]} 4. b3 {[%emt 0:05:39]} e6 {[%emt 0:00:31]} 5. Bd3 {[%emt 0:00:46]} Nc6 {[%emt 0:00:10]} 6. O-O {[%emt 0:00:41]} Bd6 {[%emt 0:00:44]} 7. Bb2 {[%emt 0:01:10]} b6 {[%emt 0:00:10]} 8. Nbd2 {[%emt 0:02:27]} O-O {[%emt 0:02:07]} 9. c4 {[%emt 0:04:12]} Bb7 {[%emt 0:03:46]} 10. Rc1 {[%emt 0:02:48]} cxd4 {[%emt 0:19:36]} 11. exd4 {[%emt 0:09:19]} Rc8 {[%emt 0:04:02]} 12. Qe2 {[%emt 0:03:30]} Ne7 {[%emt 0:03:07]} 13. Ne5 {[%emt 0:04:24]} dxc4 {[%emt 0:01:37]} 14. Ndxc4 {[%emt 0:01:19]} Bb8 {[%emt 0:00:49]} 15. Ne3 {[%emt 0:11:37]} Ned5 {[%emt 0:07:17]} 16. Rxc8 {[%emt 0:06:35]} Qxc8 {[%emt 0:00:14]} 17. Rc1 {[%emt 0:00:58]} Nf4 {[%emt 0:00:48]} 18. Qf1 {[%emt 0:07:37]} Qd8 {[%emt 0:01:57]} 19. Ba6 {[%emt 0:02:08]} Bxa6 {[%emt 0:09:06]} 20. Qxa6 {[%emt 0:00:02]} Ne4 {[%emt 0:00:51]} 21. Nf3 {[%emt 0:08:42]} Bd6 {[%emt 0:00:18]} 22. Rc2 {[%emt 0:04:42]} Qe7 {[%emt 0:07:12]} 23. Kf1 {[%emt 0:00:17]} h5 {[%emt 0:01:59]} 24. Qb5 {[%emt 0:02:35]} Qb7 {[%emt 0:07:05]} 25. Nc4 {[%emt 0:06:19]} Rc8 {[%emt 0:02:43]} 26. Ne1 {[%emt 0:06:19]} Rc6 {[%emt 0:06:47]} 27. Nxd6 {[%emt 0:06:27]} Rxc2 {[%emt 0:00:55]} 28. Qe8+ {[%emt 0:00:58]} Kh7 {[%emt 0:00:12]} 29. Nxc2 {[%emt 0:00:12]} Nxd6 {[%emt 0:00:22]} 0-1

[Event "23rd OIBM 2019"]
[Site "Gmund am Tegernsee"]
[Date "2019.10.27"]
[Round "2.36"]
[White "Klimkowski, Jan"]
[Black "Miller, Eduard"]
[Result "1/2-1/2"]
[WhiteElo "2174"]
[BlackElo "2402"]
[Annotator "NA"]
[PlyCount "98"]
[EventDate "2019.10.17"]
[EventType "swiss"]
[EventCountry "GER"]
[SourceTitle "playchess.com"]
[Source "ChessBase"]
[SourceQuality "1"]
[TimeControl "40/5400+30:1800+30"]

1. e4 c5 {[%emt 0:04:20]} 2. Nf3 {[%emt 0:00:00]} Nc6 {[%emt 0:00:05]} 3. d4 {[%emt 0:00:00]} cxd4 {[%emt 0:00:05]} 4. Nxd4 {[%emt 0:00:00]} g6 {[%emt 0:00:06]} 5. Nc3 {[%emt 0:00:00]} Bg7 {[%emt 0:00:07]} 6. Be3 {[%emt 0:00:00]} Nf6 {[%emt 0:00:08]} 7. Nxc6 {[%emt 0:00:06]} bxc6 {[%emt 0:03:56]} 8. e5 {[%emt 0:00:24]} Nd5 {[%emt 0:04:35]} 9. Nxd5 {[%emt 0:01:27]} cxd5 {[%emt 0:00:04]} 10. Qxd5 {[%emt 0:01:19]} Rb8 {[%emt 0:00:06]} 11. Bc4 {[%emt 0:01:55]} O-O {[%emt 0:05:50]} 12. O-O {[%emt 0:01:55]} Bb7 {[%emt 0:01:09]} 13. Qd3 {[%emt 0:03:04]} Bxe5 {[%emt 0:04:36]} 14. Bxa7 {[%emt 0:07:08]} Rc8 {[%emt 0:00:22]} 15. Bd4 {[%emt 0:01:31]} Bxd4 {[%emt 0:03:05]} 16. Qxd4 {[%emt 0:00:15]} Qc7 {[%emt 0:00:08]} 17. Bb3 {[%emt 0:03:44]} e5 {[%emt 0:00:38]} 18. Qd2 {[%emt 0:01:23]} Qc6 {[%emt 0:01:05]} 19. f4 {[%emt 0:04:24]} e4 {[%emt 0:01:34]} 20. Qe3 {[%emt 0:06:22]} d5 {[%emt 0:03:07]} 21. Rad1 {[%emt 0:06:26]} Ba6 {[%emt 0:14:52]} 22. Rf2 {[%emt 0:01:11]} Bc4 {[%emt 0:00:08]} 23. f5 {[%emt 0:02:23]} Rfe8 {[%emt 0:04:12]} 24. Bxc4 {[%emt 0:03:10]} Qxc4 {[%emt 0:04:42]} 25. f6 {[%emt 0:07:30]} Qc5 {[%emt 0:02:36]} 26. Qh6 {[%emt 0:01:58]} Qf8 {[%emt 0:00:05]} 27. Qxf8+ {[%emt 0:00:04]} Kxf8 {[%emt 0:00:04]} 28. Rxd5 {[%emt 0:00:16]} Rc6 {[%emt 0:00:07]} 29. g3 {[%emt 0:04:59]} e3 {[%emt 0:01:44]} 30. Re2 {[%emt 0:00:03]} Rxf6 {[%emt 0:00:06]} 31. Rd3 {[%emt 0:00:10]} Rfe6 {[%emt 0:00:39]} 32. Kg2 {[%emt 0:00:35]} g5 {[%emt 0:01:07]} 33. c4 {[%emt 0:02:29]} Re4 {[%emt 0:02:37]} 34. Rc3 {[%emt 0:01:26]} Rd4 {[%emt 0:03:41]} 35. b3 {[%emt 0:05:37]} g4 {[%emt 0:11:05]} 36. a3 {[%emt 0:06:54]} Rd2 {[%emt 0:00:43]} 37. Kf1 {[%emt 0:00:19]} Rd1+ {[%emt 0:00:23]} 38. Re1 {[%emt 0:02:03]} Rd2 {[%emt 0:02:26]} 39. Rcxe3 {[%emt 0:01:22]} Ra8 {[%emt 0:04:01]} 40. b4 {[%emt 0:04:57]} Rxh2 {[%emt 0:00:24]} 41. c5 {[%emt 0:31:19]} Ra6 {[%emt 0:31:42]} 42. R3e2 {[%emt 0:05:43]} Rh3 {[%emt 0:03:30]} 43. b5 {[%emt 0:06:20]} Rxa3 {[%emt 0:14:40]} 44. c6 {[%emt 0:02:02]} Rf3+ {[%emt 0:00:12]} 45. Rf2 {[%emt 0:01:25]} Rc3 {[%emt 0:00:03]} 46. Rg2 {[%emt 0:03:31]} Rc5 {[%emt 0:01:15]} 47. Rb1 {[%emt 0:02:25]} Rh1+ {[%emt 0:00:06]} 48. Rg1 {[%emt 0:00:05]} Rh2 {[%emt 0:00:03]} 49. Rg2 {[%emt 0:00:38]} Rh1+ {[%emt 0:00:08]} 1/2-1/2

[Event "23rd OIBM 2019"]
[Site "Gmund am Tegernsee"]
[Date "2019.10.27"]
[Round "2.37"]
[White "Huber, Benedikt"]
[Black "Soham Das"]
[Result "1-0"]
[WhiteElo "2167"]
[BlackElo "2376"]
[Annotator "NA"]
[PlyCount "59"]
[EventDate "2019.10.17"]
[EventType "swiss"]
[EventCountry "GER"]
[SourceTitle "playchess.com"]
[Source "ChessBase"]
[SourceQuality "1"]
[TimeControl "40/5400+30:1800+30"]

1. d4 {[%emt 0:00:00]} f5 {[%emt 0:01:22]} 2. Bg5 {[%emt 0:00:14]} g6 {[%emt 0:00:07]} 3. Nc3 {[%emt 0:00:21]} Bg7 {[%emt 0:00:13]} 4. e3 {[%emt 0:00:31]} d6 {[%emt 0:00:55]} 5. Bc4 {[%emt 0:01:32]} c6 {[%emt 0:01:15]} 6. Nge2 {[%emt 0:00:55]} d5 {[%emt 0:14:38]} 7. Bb3 {[%emt 0:01:53]} Qa5 {[%emt 0:10:40]} 8. Qd2 {[%emt 0:07:41]} Nd7 {[%emt 0:16:18]} 9. f3 {[%emt 0:06:05]} h6 {[%emt 0:20:33]} 10. Bh4 {[%emt 0:01:18]} Ngf6 {[%emt 0:03:15]} 11. Bxf6 {[%emt 0:01:30]} Nxf6 {[%emt 0:04:47]} 12. Nf4 {[%emt 0:00:09]} g5 {[%emt 0:00:19]} 13. Nd3 {[%emt 0:00:49]} Nd7 {[%emt 0:03:20]} 14. O-O-O {[%emt 0:04:25]} e5 {[%emt 0:00:10]} 15. h4 {[%emt 0:06:54]} Qd8 {[%emt 0:05:38]} 16. dxe5 {[%emt 0:20:59]} Nxe5 {[%emt 0:00:36]} 17. Nxe5 {[%emt 0:00:35]} Bxe5 {[%emt 0:00:02]} 18. f4 {[%emt 0:00:21]} Bg7 {[%emt 0:03:32]} 19. hxg5 {[%emt 0:02:50]} hxg5 {[%emt 0:00:02]} 20. Rxh8+ {[%emt 0:18:37]} Bxh8 {[%emt 0:00:01]} 21. fxg5 {[%emt 0:02:20]} Be6 {[%emt 0:05:28]} 22. e4 {[%emt 0:05:14]} Bxc3 {[%emt 0:04:50]} 23. bxc3 {[%emt 0:00:23]} fxe4 {[%emt 0:00:03]} 24. Rh1 {[%emt 0:00:29]} Bg8 {[%emt 0:01:27]} 25. Rh8 {[%emt 0:01:02]} Kd7 {[%emt 0:00:12]} 26. c4 {[%emt 0:00:43]} Kc7 {[%emt 0:02:44]} 27. cxd5 {[%emt 0:00:30]} cxd5 {[%emt 0:00:31]} 28. Bxd5 {[%emt 0:01:28]} Qd6 {[%emt 0:00:31]} 29. Qc3+ {[%emt 0:03:22]} Kb6 {[%emt 0:00:24]} 30. Rh6 {[%emt 0:00:34]} 1-0

[Event "23rd OIBM 2019"]
[Site "Gmund am Tegernsee"]
[Date "2019.10.27"]
[Round "2.38"]
[White "Hess, Max"]
[Black "Renner, Kai"]
[Result "1-0"]
[WhiteElo "2373"]
[BlackElo "2153"]
[Annotator "TA"]
[PlyCount "149"]
[EventDate "2019.10.17"]
[EventType "swiss"]
[EventCountry "GER"]
[SourceTitle "playchess.com"]
[Source "ChessBase"]
[SourceQuality "1"]

{[%evp 12,149,30,11,52,56,60,63,75,54,45,41,51,0,0,0,0,-27,-10,-27,-17,-33,-7,-31,62,5,13,0,0,0,0,-81,-89,-156,-8,-14,-11,-20,91,78,399,411,805,799,763,726,29986,29987,29987,29983,29990,12816,6407,6407,5310,5310,2239,2204,1732,1618,1250,370,1202,272,272,263,252,38,400,363,363,268,274,271,260,113,113,101,134,128,508,508,1746,282,1555,1320,12845,12845,12848,12848,12850,27999,12851,12851,12851,12851,12851,12851,12851,27999,12851,12851,12851,12851,27975,27975,27976,27976,27977,27976,27977,27977,27980,27980,27981,27981,27987,27983,27984,27982,27983,27983,27984,27984,27985,27985,27990,27990,27991,27991,27995,27995,27996,27996,27997,27997,27998,27998,27999,27998]} 1. e4 c5 2. Nf3 e6 3. d4 cxd4 4. Nxd4 a6 5. c4 Nf6 6. Nc3 Qc7 7. Qd3 d6 {B41: Sicilian: Kan Variation: 5 c4} (7... b6 8. Qg3 d6 9. Bd3 Bb7 10. O-O Nbd7 11. Re1 Ne5 12. Bf1 Be7 13. b3 O-O 14. Bb2 Ng6 15. Rac1 {1-0 (48) Fedoseev,V (2718)-Artemiev,V (2691) Riadh 2017}) 8. Be2 Nbd7 9. f4 Be7 $146 {White is slightly better.} ({Predecessor:} 9... b6 10. O-O Bb7 11. Nb3 g6 12. Be3 Be7 13. Rac1 Rc8 14. g4 h6 15. Bf3 {½-½ (69) Arfan,A (2258)-Farkas,T (2313) Budapest 2019}) 10. Be3 O-O 11. O-O Re8 12. Bf3 (12. Qc2 $14) 12... e5 $11 {Hoping for ...Nc5.} 13. Nf5 Bf8 14. g4 exf4 15. Bxf4 Ne5 16. Bxe5 dxe5 17. g5 Nd7 (17... Bxf5 $1 $15 18. exf5 Rad8) 18. Nd5 (18. Bh5 $14 Nb6 19. Nh6+ gxh6 20. Bxf7+ {[%mdl 64] Double Attack} Kh8 21. Bxe8 Bc5+ 22. Kh1) 18... Qd8 $1 19. Rad1 $36 {[%mdl 2048] White fights for an advantage.} Qxg5+ 20. Kh1 Nc5 21. Qe2 (21. Qe3 $11 Qxe3 22. Nfxe3) 21... Bxf5 $17 22. Rg1 (22. exf5 $142 e4 23. Qg2 Qxg2+ 24. Bxg2) 22... Qd8 (22... Qh6 $1 $17 {White must now prevent ...Bg6.} 23. exf5 e4) 23. exf5 $11 e4 24. Bh5 {aiming for Bxf7+!} Nd7 {[#]} (24... Qd6 $11 {remains equal.}) 25. c5 $1 $16 Nf6 $2 {[%mdl 8192] [#]} ({Weaker is} 25... Nxc5 26. Qc4 $17) (25... Ne5 $16 26. f6 g6) 26. Bxf7+ $1 $18 {[%mdl 512]} Kxf7 (26... Kh8 $142 27. Bxe8 Bxc5) 27. Qc4 Nxd5 28. Rxd5 {Rd6+ would kill now.} b5 29. Rd7+ {[%mdl 64] Discovered Attack (Double check)} Kf6 30. Qd4+ Kxf5 31. Rf1+ (31. Qf2+ $142 Ke5 32. Qg3+ Ke6 33. Qg4+ Ke5 34. Qh5+ {[%mdl 64] Double Attack} g5 35. Rxg5+ Qxg5 36. Qxg5+ Ke6 37. Qd5+ {[%mdl 64] Double Attack} Kf6 38. Rf7+ Kg6 39. Qf5+ Kh6 40. Rxh7#) 31... Kg6 32. Rxd8 Raxd8 33. Qg1+ Kh6 34. Qe3+ g5 35. Rf6+ Kg7 36. Qxg5+ Kh8 37. Rf1 $2 (37. Rf7 e3 38. Qf6+ {[%mdl 64] Double Attack} Kg8 39. Rc7 Rd1+ 40. Kg2 Rd2+ 41. Kh3) 37... Bg7 38. Re1 Bxb2 39. c6 $2 (39. Qf4 $18) 39... e3 $2 {[%mdl 8192]} (39... Bc3 $1 $14) 40. c7 Rc8 41. Rxe3 Rxe3 42. Qxe3 Rxc7 {[%mdl 4096] Endgame KQ-KRB} 43. Qe8+ (43. Qb6 $18 {has better winning chances.} Rc1+ 44. Kg2 Rc2+ 45. Kf3) 43... Kg7 $16 44. Qa8 {Threatens to win with Qg2+.} Be5 {intending ...Rc1+.} 45. Qxa6 Rc2 $2 {[%mdl 8192]} (45... Bf6 $16 46. Qxb5 Rc1+ 47. Kg2 Rc2+ 48. Kf3 Rxa2 49. Qb7+ Kh6) 46. Qxb5 $18 Rxh2+ 47. Kg1 Kf6 $2 (47... Rh5 48. Qd7+ Kf6) 48. a4 {[%cal Ba2a4,Ba4a5][%mdl 32]} Rb2 49. Qc6+ Kf5 50. Qd7+ Ke4 51. Qxh7+ Kd5 52. a5 Bd4+ 53. Kf1 Rf2+ 54. Ke1 Rf6 55. Qb7+ Rc6 56. a6 Kd6 57. a7 Bxa7 58. Qxa7 {KQ-KR. White mates.} Kd5 59. Kd2 Rf6 60. Ke3 Re6+ 61. Kd3 Rd6 62. Qa5+ Ke6+ 63. Ke4 Rd7 64. Qc5 Rd6 65. Qf5+ Ke7 66. Ke5 Rc6 67. Qh7+ Kd8 68. Qf7 Rc7 69. Qf8+ Kd7 70. Kd5 Rc1 71. Qf5+ Ke8 72. Qg6+ Kd7 73. Qg4+ Ke8 74. Kd6 {[%cal Rg4g8]} Rf1 75. Qg8+ {Accuracy: White = 56%, Black = 33%.} 1-0

[Event "23rd OIBM 2019"]
[Site "Gmund am Tegernsee"]
[Date "2019.10.27"]
[Round "2.39"]
[White "Danielmeier, Ralf"]
[Black "Zude, Arno"]
[Result "0-1"]
[WhiteElo "2054"]
[BlackElo "2372"]
[Annotator "NA"]
[PlyCount "64"]
[EventDate "2019.10.17"]
[EventType "swiss"]
[EventCountry "GER"]
[SourceTitle "playchess.com"]
[Source "ChessBase"]
[SourceQuality "1"]
[TimeControl "40/5400+30:1800+30"]

1. e4 {[%emt 0:00:00]} e5 {[%emt 0:00:00]} 2. Bc4 {[%emt 0:00:00]} Nf6 {[%emt 0:00:00]} 3. d3 {[%emt 0:00:07]} c6 {[%emt 0:00:13]} 4. Nf3 {[%emt 0:00:51]} Be7 {[%emt 0:00:41]} 5. O-O {[%emt 0:00:45]} d6 {[%emt 0:00:09]} 6. h3 {[%emt 0:00:43]} O-O {[%emt 0:00:13]} 7. Nc3 {[%emt 0:00:58]} Nbd7 {[%emt 0:03:49]} 8. a4 {[%emt 0:00:56]} h6 {[%emt 0:06:13]} 9. Be3 {[%emt 0:12:14]} Re8 {[%emt 0:02:45]} 10. Nh2 {[%emt 0:12:40]} Bf8 {[%emt 0:05:47]} 11. a5 {[%emt 0:04:10]} Nc5 {[%emt 0:05:15]} 12. Qf3 {[%emt 0:10:31]} Be6 {[%emt 0:11:13]} 13. Ng4 {[%emt 0:09:50]} Nxg4 {[%emt 0:10:15]} 14. Bxe6 {[%emt 0:04:42]} Rxe6 {[%emt 0:01:54]} 15. Bxc5 {[%emt 0:09:13]} Nf6 {[%emt 0:00:18]} 16. Be3 {[%emt 0:03:13]} d5 {[%emt 0:00:57]} 17. Bd2 {[%emt 0:04:11]} a6 {[%emt 0:03:25]} 18. g4 {[%emt 0:02:11]} Bb4 {[%emt 0:08:43]} 19. exd5 {[%emt 0:04:36]} cxd5 {[%emt 0:08:41]} 20. Nb1 {[%emt 0:02:01]} e4 {[%emt 0:02:53]} 21. Qd1 {[%emt 0:01:56]} Bd6 {[%emt 0:01:29]} 22. Nc3 {[%emt 0:04:35]} Bc7 {[%emt 0:07:29]} 23. Ne2 {[%emt 0:01:03]} Nxg4 {[%emt 0:06:37]} 24. hxg4 {[%emt 0:07:01]} Qh4 {[%emt 0:00:31]} 25. Bf4 {[%emt 0:02:20]} exd3 {[%emt 0:04:26]} 26. Qxd3 {[%emt 0:01:21]} Qxg4+ {[%emt 0:00:29]} 27. Bg3 {[%emt 0:00:36]} Rxe2 {[%emt 0:00:14]} 28. Ra4 {[%emt 0:00:38]} Re4 {[%emt 0:01:44]} 29. Rxe4 {[%emt 0:00:36]} dxe4 {[%emt 0:00:02]} 30. Qd1 {[%emt 0:00:03]} Qg5 {[%emt 0:01:14]} 31. Kg2 {[%emt 0:00:10]} Rd8 32. Qe1 {[%emt 0:01:07]} Rd2 {[%emt 0:01:57]} 0-1

[Event "23rd OIBM 2019"]
[Site "Gmund am Tegernsee"]
[Date "2019.10.27"]
[Round "2.40"]
[White "Moehn, Hans"]
[Black "Poelt, Christoph"]
[Result "1-0"]
[WhiteElo "2370"]
[BlackElo "2094"]
[Annotator "NA"]
[PlyCount "71"]
[EventDate "2019.10.17"]
[EventType "swiss"]
[EventCountry "GER"]
[SourceTitle "playchess.com"]
[Source "ChessBase"]
[SourceQuality "1"]
[TimeControl "40/5400+30:1800+30"]

1. Nf3 {[%emt 0:03:17]} Nf6 {[%emt 0:00:00]} 2. c4 {[%emt 0:00:06]} g6 {[%emt 0:00:00]} 3. d4 {[%emt 0:00:06]} Bg7 {[%emt 0:00:03]} 4. e3 {[%emt 0:00:07]} d5 {[%emt 0:01:20]} 5. cxd5 {[%emt 0:00:18]} Nxd5 {[%emt 0:00:09]} 6. e4 {[%emt 0:01:24]} Nb6 {[%emt 0:01:07]} 7. Be2 {[%emt 0:00:35]} Bg4 {[%emt 0:03:49]} 8. Nbd2 {[%emt 0:00:32]} O-O {[%emt 0:03:09]} 9. h3 {[%emt 0:05:15]} Be6 {[%emt 0:13:23]} 10. Nb3 {[%emt 0:09:38]} Bc4 {[%emt 0:10:27]} 11. Na5 {[%emt 0:05:37]} Bxe2 {[%emt 0:01:49]} 12. Qxe2 {[%emt 0:00:20]} Qc8 {[%emt 0:15:56]} 13. Bd2 {[%emt 0:12:42]} Na6 {[%emt 0:08:47]} 14. Rc1 {[%emt 0:01:26]} c6 {[%emt 0:02:23]} 15. d5 {[%emt 0:07:06]} c5 {[%emt 0:07:05]} 16. b4 {[%emt 0:04:57]} Nd7 {[%emt 0:01:41]} 17. O-O {[%emt 0:01:23]} b6 {[%emt 0:03:55]} 18. Nc6 {[%emt 0:07:30]} Re8 {[%emt 0:01:32]} 19. b5 {[%emt 0:00:31]} Nab8 {[%emt 0:01:13]} 20. e5 {[%emt 0:07:51]} Nf8 {[%emt 0:06:50]} 21. Bg5 {[%emt 0:04:41]} Nxc6 {[%emt 0:01:24]} 22. dxc6 {[%emt 0:00:33]} Ne6 {[%emt 0:01:55]} 23. Rfd1 {[%emt 0:01:01]} a6 {[%emt 0:02:38]} 24. a4 {[%emt 0:01:00]} axb5 {[%emt 0:02:13]} 25. axb5 {[%emt 0:00:05]} Ra5 {[%emt 0:01:05]} 26. Rd7 {[%emt 0:01:37]} Nc7 {[%emt 0:02:11]} 27. Rb1 {[%emt 0:01:13]} e6 {[%emt 0:00:22]} 28. Qc4 {[%emt 0:08:43]} Nd5 {[%emt 0:01:27]} 29. Rd1 {[%emt 0:01:13]} h6 {[%emt 0:01:00]} 30. R1xd5 {[%emt 0:01:14]} exd5 {[%emt 0:02:29]} 31. Qxd5 {[%emt 0:00:07]} Rf8 {[%emt 0:00:52]} 32. Be7 {[%emt 0:00:43]} Re8 {[%emt 0:00:21]} 33. e6 {[%emt 0:04:52]} fxe6 {[%emt 0:02:08]} 34. Qxe6+ {[%emt 0:00:05]} Kh8 {[%emt 0:00:10]} 35. Qxg6 {[%emt 0:03:24]} Rg8 {[%emt 0:00:49]} 36. Bf6 {[%emt 0:00:38]} 1-0

[Event "23rd OIBM 2019"]
[Site "Gmund am Tegernsee"]
[Date "2019.10.27"]
[Round "2.41"]
[White "Fehmer, Carsten"]
[Black "Ries, Berthold"]
[Result "1/2-1/2"]
[WhiteElo "2092"]
[BlackElo "1854"]
[Annotator "NA"]
[PlyCount "80"]
[EventDate "2019.10.17"]
[EventType "swiss"]
[EventCountry "GER"]
[SourceTitle "playchess.com"]
[Source "ChessBase"]
[SourceQuality "1"]
[TimeControl "40/5400+30:1800+30"]

1. Nf3 {[%emt 0:00:00]} c5 {[%emt 0:00:10]} 2. c4 {[%emt 0:00:43]} Nc6 {[%emt 0:00:20]} 3. g3 {[%emt 0:00:18]} e5 {[%emt 0:01:06]} 4. Nc3 {[%emt 0:00:47]} Nf6 {[%emt 0:01:14]} 5. Bg2 {[%emt 0:01:35]} Be7 {[%emt 0:03:18]} 6. O-O {[%emt 0:02:28]} O-O {[%emt 0:02:44]} 7. Ne1 {[%emt 0:09:50]} d6 {[%emt 0:10:44]} 8. Nc2 {[%emt 0:02:41]} Be6 {[%emt 0:07:23]} 9. Ne3 {[%emt 0:01:09]} Qd7 {[%emt 0:03:10]} 10. d3 {[%emt 0:15:02]} Bh3 {[%emt 0:04:21]} 11. Ned5 {[%emt 0:02:47]} Bxg2 {[%emt 0:07:43]} 12. Nxf6+ {[%emt 0:03:11]} Bxf6 {[%emt 0:01:26]} 13. Kxg2 {[%emt 0:00:08]} g6 {[%emt 0:04:13]} 14. e4 {[%emt 0:07:41]} Bg7 {[%emt 0:06:38]} 15. Nd5 {[%emt 0:10:48]} Ne7 {[%emt 0:01:52]} 16. Nxe7+ {[%emt 0:02:30]} Qxe7 {[%emt 0:00:16]} 17. f3 {[%emt 0:01:45]} Qd7 {[%emt 0:06:00]} 18. a4 {[%emt 0:03:00]} b6 {[%emt 0:05:12]} 19. Bd2 {[%emt 0:05:34]} a6 {[%emt 0:08:29]} 20. Qc2 {[%emt 0:05:11]} f5 {[%emt 0:03:33]} 21. Rfb1 {[%emt 0:03:43]} f4 {[%emt 0:02:36]} 22. g4 {[%emt 0:00:36]} a5 {[%emt 0:00:12]} 23. Qd1 {[%emt 0:03:49]} Bf6 {[%emt 0:02:07]} 24. Qb3 {[%emt 0:02:30]} Rab8 {[%emt 0:01:48]} 25. Qb5 {[%emt 0:04:15]} Qxb5 {[%emt 0:00:26]} 26. axb5 {[%emt 0:00:10]} Ra8 {[%emt 0:02:04]} 27. Be1 {[%emt 0:01:02]} h6 {[%emt 0:00:39]} 28. Bf2 {[%emt 0:00:49]} Kg7 {[%emt 0:00:50]} 29. Rg1 {[%emt 0:01:01]} Rh8 {[%emt 0:01:04]} 30. h4 {[%emt 0:01:35]} g5 {[%emt 0:01:02]} 31. hxg5 {[%emt 0:03:04]} hxg5 {[%emt 0:00:11]} 32. Rh1 {[%emt 0:00:16]} Rxh1 {[%emt 0:00:33]} 33. Kxh1 {[%emt 0:00:16]} Be7 {[%emt 0:00:28]} 34. Kg2 {[%emt 0:00:19]} Bd8 {[%emt 0:01:17]} 35. Be1 {[%emt 0:01:27]} Rc8 {[%emt 0:01:44]} 36. Bf2 {[%emt 0:01:15]} Bc7 {[%emt 0:01:58]} 37. Rh1 {[%emt 0:00:45]} Rh8 {[%emt 0:00:09]} 38. Ra1 {[%emt 0:01:40]} Re8 {[%emt 0:01:43]} 39. Be1 {[%emt 0:00:30]} Rc8 {[%emt 0:03:05]} 40. Bf2 {[%emt 0:01:04]} Re8 {[%emt 0:00:17]} 1/2-1/2

[Event "23rd OIBM 2019"]
[Site "Gmund am Tegernsee"]
[Date "2019.10.27"]
[Round "2.42"]
[White "Dietzsch, Herbert"]
[Black "Weber, Ulrich"]
[Result "0-1"]
[WhiteElo "2036"]
[BlackElo "2360"]
[Annotator "TA"]
[PlyCount "104"]
[EventDate "2019.10.17"]
[EventType "swiss"]
[EventCountry "GER"]
[SourceTitle "playchess.com"]
[Source "ChessBase"]
[SourceQuality "1"]

{[%evp 12,104,58,28,27,25,15,22,31,13,19,17,25,28,35,10,28,36,33,45,43,35,39,27,29,40,49,0,102,15,87,81,105,83,98,63,95,81,81,0,112,108,122,91,103,101,119,0,135,133,153,93,95,91,120,124,126,118,236,181,179,206,591,597,575,604,597,576,512,515,532,184,163,174,181,209,188,97,110,106,204,191,218,37,34,18,55,0,0,0,0,-180,-77,-448,-343]} 1. e4 g6 2. d4 Bg7 3. Nf3 d6 4. c3 Nf6 5. Bd3 O-O 6. O-O Nc6 7. d5 Nb8 {[%cal Bc6b8,Bb8a6,Ba6c5][%mdl 32] B07: Pirc Defence: Miscellaneous Systems} 8. Be3 c6 9. c4 Bg4 {The position is equal.} 10. h3 Bxf3 $1 11. Qxf3 Na6 12. Nc3 Nd7 13. Qe2 $146 ({Predecessor:} 13. Rfc1 Ne5 14. Qd1 Nxd3 15. Qxd3 Nc5 16. Qe2 {½-½ (39) Jakovenko,D (2726)-Svidler,P (2722) Moscow 2010}) 13... Nac5 14. Rac1 a5 15. b3 Qb6 16. Rfd1 Rfc8 17. Bb1 Qb4 18. Bd2 {And now dxc6 would win.} Qb6 19. Be3 Qd8 (19... Qb4 $11 20. Bd2 Qa3) 20. Qd2 (20. f4 $16) 20... Qf8 (20... Qb6 $11) 21. f3 $16 Nb6 22. Bd3 h6 23. Kh1 Kh7 24. Be2 Nbd7 25. Bd3 (25. Bf1 $16) 25... Qh8 (25... Nb6 $11 {keeps the balance.}) 26. Bb1 Nb6 27. Ne2 Nbd7 28. Nd4 Qf8 29. Ne2 (29. Kg1 $16) 29... h5 (29... Qh8 $1 $11) 30. Rf1 Bf6 31. Nf4 (31. f4 $142) 31... Kg8 32. g4 hxg4 33. hxg4 Qg7 34. Kg2 Ne5 (34... Bb2 $16) 35. Rh1 Bg5 36. Rh3 Qf6 $2 (36... a4) 37. Nh5 $18 {[%mdl 64] [#] Discovered Attack} gxh5 38. Bxg5 Qg7 39. Rxh5 f6 40. Rch1 Ncd7 41. Rh8+ $2 (41. Bh6 Qg6 42. Qf2) 41... Qxh8 42. Rxh8+ Kxh8 43. Bh4 {Threatens to win with Qh6+.} Kg7 44. dxc6 (44. f4 $18 Rh8 45. Bg3 (45. fxe5 Rxh4 46. exf6+ exf6 $15)) 44... bxc6 $16 45. f4 Ng6 (45... Rh8 $16 {is a better defense.} 46. Bg3 (46. fxe5 Rxh4 47. exf6+ exf6 $11) 46... Nf7) 46. Bg3 $18 Rd8 {[#]} 47. Qe3 $2 (47. e5 $1 $18 {[%mdl 512]} dxe5 48. Qc2) 47... e5 $1 $14 48. f5 Nf4+ $1 49. Bxf4 (49. Kf2 $14) 49... exf4 $11 50. Qxf4 Ne5 51. g5 $2 (51. Qd2 $11) 51... Rh8 $19 {[%mdl 1024] Hoping for ...Rh5. Black has strong compensation.} 52. g6 $2 {[%mdl 8192]} (52. c5 $17 {nothing else works.}) 52... Rh5 {Accuracy: White = 43%, Black = 40%.} 0-1

[Event "23rd OIBM 2019"]
[Site "Gmund am Tegernsee"]
[Date "2019.10.27"]
[Round "2.43"]
[White "Lipinsky, Markus"]
[Black "Baum, Jonasz"]
[Result "0-1"]
[WhiteElo "2005"]
[BlackElo "2341"]
[Annotator "NA"]
[PlyCount "50"]
[EventDate "2019.10.17"]
[EventType "swiss"]
[EventCountry "GER"]
[SourceTitle "playchess.com"]
[Source "ChessBase"]
[SourceQuality "1"]
[TimeControl "40/5400+30:1800+30"]

1. d4 {[%emt 0:00:00]} d5 {[%emt 0:00:00]} 2. c4 {[%emt 0:00:00]} e6 {[%emt 0:00:00]} 3. Nc3 {[%emt 0:00:00]} a6 {[%emt 0:02:52]} 4. cxd5 {[%emt 0:00:44]} exd5 {[%emt 0:00:04]} 5. Bf4 {[%emt 0:00:18]} Nf6 {[%emt 0:00:14]} 6. e3 {[%emt 0:00:28]} Bd6 {[%emt 0:00:14]} 7. Bxd6 {[%emt 0:00:38]} Qxd6 {[%emt 0:00:05]} 8. Bd3 {[%emt 0:00:17]} O-O {[%emt 0:00:14]} 9. Nge2 {[%emt 0:00:28]} Re8 {[%emt 0:01:08]} 10. Qc2 {[%emt 0:01:38]} Nbd7 {[%emt 0:01:59]} 11. h3 {[%emt 0:04:29]} b5 {[%emt 0:11:25]} 12. a3 {[%emt 0:03:25]} Bb7 {[%emt 0:04:19]} 13. Ng3 {[%emt 0:23:09]} c5 {[%emt 0:18:00]} 14. Nf5 {[%emt 0:09:12]} Qc6 {[%emt 0:03:15]} 15. O-O {[%emt 0:10:37]} c4 {[%emt 0:05:34]} 16. Be2 {[%emt 0:00:31]} g6 {[%emt 0:01:43]} 17. Nh6+ {[%emt 0:01:38]} Kg7 {[%emt 0:00:19]} 18. Ng4 {[%emt 0:00:18]} a5 {[%emt 0:08:13]} 19. b4 {[%emt 0:11:49]} axb4 {[%emt 0:01:19]} 20. axb4 {[%emt 0:03:53]} Ne4 {[%emt 0:06:43]} 21. Rfd1 {[%emt 0:09:18]} Nxc3 {[%emt 0:02:39]} 22. Qxc3 {[%emt 0:00:05]} h5 {[%emt 0:00:34]} 23. Rxa8 {[%emt 0:13:07]} Rxa8 {[%emt 0:01:20]} 24. Ne5 {[%emt 0:00:04]} Nxe5 {[%emt 0:00:32]} 25. dxe5 {[%emt 0:00:00]} d4 {[%emt 0:00:17]} 0-1